| 000 | 00563 a2200181 4500 | ||
|---|---|---|---|
| 999 |
_c8371 _d8371 |
||
| 010 | _aENG-88414 | ||
| 020 |
_c700.00 _a8179101444 |
||
| 035 | _aEN-71947 | ||
| 037 | _bDBAD / PUB | ||
| 082 | 1 | 4 | _a660.6 |
| 100 | _aNaidu, C.K. | ||
| 245 | 1 |
_aApplied biotechnology/ _cby C.K. Naidu |
|
| 260 |
_aJaipur _bAavishkar Publishers, Distributors _c2006 |
||
| 270 |
_a807,Vyas Building, Chaura Rasta, _bJaipur _e302 003 |
||
| 300 |
_av, 272p. _c22cm (Hb) |
||
| 500 | _aIncludes bibliographical references and index | ||
| 942 |
_adpl _cEN _2ddc _h660.6 _mNAI |
||